[Event "COL-ch Superate-A"]
[Site "Bogota"]
[Date "2012.12.09"]
[Round "6.9"]
[White "Florez Castro, Estiven"]
[Black "Vergara Salcedo, Samuel Eduard"]
[Result "1-0"]
[WhiteElo "1398"]
[BlackElo "1409"]
[PlyCount "117"]
[EventDate "2012.12.07"]
[EventType "swiss"]
[EventRounds "7"]
[EventCountry "COL"]
[SourceTitle "EXT 2024"]
[Source "ChessBase"]
[SourceDate "2023.10.10"]
[SourceVersion "1"]
[SourceVersionDate "2023.10.10"]
[SourceQuality "1"]

1. d4 Nf6 2. c4 d5 3. Nc3 e6 4. Nf3 Nc6 5. cxd5 exd5 6. g3 Bd6 7. Bg2 0-0 8. 0-0 h6 9. Re1 Re8 10. a3 Bf5 11. Nb5 a6 12. Nxd6 Qxd6 13. Bf4 Qe7 14. Ne5 Nxe5 15. Bxe5 c6 16. Qc1 Rac8 17. Bf4 Qe6 18. Be5 Ng4 19. Bf4 Nf6 20. Qe3 Be4 21. f3 Bg6 22. Qxe6 Rxe6 23. Be5 Rce8 24. Bh3 R6e7 25. Kf2 Nd7 26. Bd6 Nb6 27. Bxe7 Rxe7 28. b3 f5 29. f4 Nd7 30. Bg2 Nf6 31. h3 Kf7 32. b4 b5 33. a4 Rb7 34. Rec1 bxa4 35. Rxa4 Rb6 36. Rc5 Kf8 37. Rca5 Be8 38. Rxa6 Rxa6 39. Rxa6 Ne4+ 40. Bxe4 fxe4 41. f5 Kf7 42. Ke3 g5 43. fxg6+ Kxg6 44. b5 Bd7 45. bxc6 Bxc6 46. Rxc6+ Kf5 47. Rd6 h5 48. Rxd5+ Kg6 49. Rxh5 Kxh5 50. Kxe4 Kg6 51. d5 Kf7 52. Ke5 Ke7 53. d6+ Kd7 54. Kd5 Ke8 55. Ke6 Kf8 56. d7 Kg7 57. d8Q Kg6 58. Qf6+ Kh5 59. g4# 1-0